000 00422cam a22001337a 4500
008 180718b1980 xxu||||| |||| 00| 0 eng d
082 _aBA27x54 In2tr
100 _aNatarajan, Nalini
245 _aTribal India: Some dimensions of development
_cBy Nalini Natarajan
260 _aNew Delhi
_bIndian Institute of Public Administration
_c1980
300 _a38p.
650 _aTribes And Tribal System - India.
700 _aIIPA
999 _c475941
_d475941